Primer Plan de Desarrollo Económico y Social 1965-1969: segunda parte

Programa de la segunda parte del Plan de Desarrollo económico y social 1965-1969 de El Salvador, estudia los sectores:agropecuario, industrial, comercial, electricidad, transporte, agua potable y alcantarillado, vivienda, eduación, salud, y desarrollo comunal. Para cada uno de ellos analiza la situa...

Descrizione completa

Salvato in:
Dettagli Bibliografici
Ente Autore: El Salvador. Consejo Nacional de Planificación y Coordinación Económica
Natura: testo
Pubblicazione: San Salvador: CONSUPLAN
Soggetti:
Tags: Aggiungi Tag
Nessun Tag, puoi essere il primo ad aggiungerne!!

MARC

LEADER 00000 a a2200000 04500
001 19835
003
040
090 |a 080200  
110 |a El Salvador. Consejo Nacional de Planificación y Coordinación Económica  
245 |a Primer Plan de Desarrollo Económico y Social 1965-1969: segunda parte  
260 |a San Salvador:   |b CONSUPLAN  
300 |a 814 p.  
520 |a Programa de la segunda parte del Plan de Desarrollo económico y social 1965-1969 de El Salvador, estudia los sectores:agropecuario, industrial, comercial, electricidad, transporte, agua potable y alcantarillado, vivienda, eduación, salud, y desarrollo comunal. Para cada uno de ellos analiza la situación actual, participación en la actividad económica y social y sus problemas principales. Establece las metas para cada programa, apoyandose en su desenvolvimiento pasado, los objetivos globales del plan, el potencial de desarrollo, la capacidad de ejecución y las medidas de política para el estímulo al sector privado, detalla los programas de inversiones públicas./ACM  
650 |a EL SALVADOR  
650 |a PLANES NACIONALES  
650 |a PLANIFICACION ECONOMICA  
650 |a PLANES DE DESARROLLO  
999 |c 1070  |d 1070